[Event "Gibraltar Masters 12th"]
[Site "Caleta"]
[Date "2014.02.05"]
[Round "9"]
[White "Mekhitarian, Krikor Sevag"]
[Black "Porper, Edward"]
[Result "1-0"]
[WhiteElo "2566"]
[BlackElo "2446"]
[Annotator "Mekhitarian,K"]
[PlyCount "97"]
[EventDate "2014.01.28"]
[EventType "swiss"]
[EventRounds "10"]
[EventCountry "GGB"]
[SourceTitle "CBM 159"]
[Source "ChessBase"]
[SourceDate "2014.03.17"]
[SourceVersion "1"]
[SourceVersionDate "2014.03.17"]
[SourceQuality "1"]

1. d4 d5 2. c4 c6 3. Nc3 Nf6 4. Nf3 e6 5. e3 Nbd7 6. Qc2 Bd6 7. Bd3 dxc4 8.
Bxc4 b5 9. Be2 O-O 10. O-O Bb7 11. e4 e5 12. dxe5 Nxe5 13. Nd4 $1 {A very
interesting and new idea (played for the first time in 2012). Black has
questions to answer immediately, since Nf5 is very annoying. Several moves
have been tried here.} Ng6 (13... Neg4 {is the main response so far.} 14. g3 $1
Bxg3 15. hxg3 Qxd4 16. Qd1 $1 {the whole idea. White forces the exchange of Qs,
and wants to play an endgame a P down, but with a massive compensation (Bs
pair, weak dark squares on Q-side, and lack of good squares for the black Ns)}
Qxd1 {is the common move} (16... c5 17. Bf4 $1 b4 18. Qxd4 cxd4 19. Nb5 d3 20.
Bxd3 Nxe4 21. f3 Nc5 22. Bc4 $44 {1/2-1/2 (41) Khairullin,I (2650)-Sandipan,C 
(2590) Moscow 2013; once again unpleasant for Black.}) 17. Rxd1 $44 {There is
a lot to be said here, but the endgame feels very comfortable for White, after
f3-Be3.}) (13... b4 14. Nf5 {transposes to the famous Aronian - Shirov (that
started with 13.Nh4!?)} bxc3 15. Rd1 Ne8 16. Qxc3 Qf6 17. f4 Bc7 18. fxe5 Qxe5
(18... Bxe5 $2 19. Qb4 $1 Rb8 20. Ne7+ Kh8 21. Nxc6 $18) 19. Qxe5 Bxe5 $36 {
and White has a good initiative in this endgame.}) 14. Nf5 Be5 $146 {A
challenging move, trying to create something.} (14... Qc7 {seen in the recent
Mareco - Dao, yielded a superb position for White:} 15. Nxd6 Qxd6 16. Be3 $16 {
and with no clear compensation for the strategic losses (the Bs pair, weak
dark squares and the strong flexible white centre), Black has a difficult
position already.}) 15. f4 $1 {Since Mareco had played the game I mentioned 
(and also a 1st one before that), and we were roommates in Gibraltar, he
alerted me to this 14...Be5 possibility, so I was well prepared until here.} (
15. Be3 $5 {a calm move like this was also possible, and I thought of it
during the game, but eventually Black has time to breathe:} Qc7 16. g3 Rfe8 {
feels also decent for White, but since f4 is not happening right away, I would
prefer how the game went.}) 15... Bd4+ 16. Kh1 b4 (16... c5 17. e5 Bxc3 18.
Qxc3 Ne4 19. Qe3 $16 {looked very annoying for Black.}) 17. e5 bxc3 18. Nxd4 $1
(18. bxc3 $6 {I already didn't remember my analysis here, so I spent some time
considering this possiblity, but it turns out Black is fine:} Bb6 $1 (18... Bc5
$5 {also playable}) 19. Nd6 Rb8 $13 {the b7-B is gone now, but the remaining
one on b6 is not bad at all. Black has a good play on the central files.})
18... Qxd4 19. bxc3 Qd8 20. Rb1 Rb8 21. exf6 (21. Rd1 $5 {I didn't pay much
attention to this move, since I was happy with the line I played. But this is
slightly more precise} Nd7 (21... Qe7 22. exf6 Qxf6 23. f5 Ne5 24. Qe4 $16 {
now Black doesn't have the Nd7 alternative, and also the R on d1 is better
than if it were on f1}) (21... Nd5 22. c4 $16) 22. Bg4 Qh4 23. Bxd7 c5 24. Bf5
$1 $16) 21... Qxf6 22. f5 Ne5 23. Qe4 Qe7 $4 {This loses right away.} (23...
Nd7 $5 24. Qg4 $1 $36 {I was thinking about these kind of ideas if the N moved
from e5. It's still annoying for Black} (24. Bf4 $6 Rbe8 $1 $13 {Nb6 next, and
suddenly Black solves many of his problems})) 24. Bf4 $4 {Keeping a healthy
advantage, but returning the compliment.} (24. f6 $1 gxf6 25. Bd3 {I
completely missed the hanging Q on e7} Ng6 26. Qxe7 Nxe7 27. Bf4 $18 {Black
could choose other defensive ideas after 24.f6, but all of them are clearly
hopeless.}) 24... f6 25. Bc4+ Kh8 26. Be6 {I was very happy with my position.
And luckily, I didn't realise I had missed 24.f6 later during the game,
because these kind of things could be very annoying, as we all know!} c5 27.
Qe2 Rbd8 $1 28. Rbd1 (28. Bxe5 $6 {wouldn't be smart} fxe5 29. Qxe5 Rd2 30. Rg1
Rfd8 {and the compensation is very annoying. Keeping the tension is a better
decision for White.}) 28... Qc7 29. Rxd8 $6 {This was not something I wanted
to do ideally, but I thought it was kind of forced.} (29. h3 $1 {was my
initial intention during the game, but I couldn't see how to make any progress
after 29...Qc6:} Qc6 30. Bxe5 fxe5 31. Qg4 $1 {is the line given by the
computer. White has a strong idea of playing Rxd8 Rxd8 and Qg5! with f6
threats at some point. I missed the exchange and the good g4-square for my Q}
Rxd1 32. Rxd1 {Rd7 threatened} Qe4 33. Rd7 $16 {feels hopeless for Black.})
29... Rxd8 30. Rd1 Rd6 $6 (30... Rxd1+ 31. Qxd1 g5 $1 {was an important
defensive resource for Black. Now without the mating threats, Qc6 is possible,
and in the event of 32.fxg6, the black king becomes slightly exposed, but it's
much better than having no space, as in the game.} 32. Bg3 (32. fxg6 hxg6 $11 {
after Kg7, g5, Black has a healthy position. Not to mention that the e6-B is
hanging now}) 32... Qc6 $11 {Kg7 next, etc}) 31. h3 Qc6 (31... Rxd1+ 32. Qxd1
g5 $2 33. Bxe5 Qxe5 34. Qd8+ Kg7 35. Qe7+ Kh6 36. Qxb7 $18 {it is wise to note
that on the 30th move, White still hadn't played h3.}) 32. Rxd6 Qxd6 33. Kg1 a6
34. Qd2 $1 Qxd2 35. Bxd2 {This feels very problematic for Black. Be3-Kf1-Bc4
coming. Black had to find a magical computer idea to stay on the game.} g6 (
35... h5 $1 {a hard move to find! The idea is that in some lines, the g2-P
could become a target, as well as the f5 P} 36. Be3 Nd3 37. g3 (37. Kf1 $6 h4
$1 {[%csl Rg2]}) 37... a5 38. Kf1 Bf3 $1 $16 {a5 was very important to avoid
Bc4 and Bxa6 now. I don't see clearly how White improves now, but certainly
there is still a solid advantage, since the black K is kind of cut off from
the game as well}) 36. Be3 $18 {Now it should be hopeless.} gxf5 37. Bxf5 Bd5
38. a3 c4 39. Bc8 a5 40. Bb6 $1 Nc6 (40... a4 41. Bd4 $1 {followed by Bxe5 and
Bd7, taking the a4-P and winning easily.}) 41. Bb7 {Threatening Bxa5.} a4 42.
Ba6 {Finally, Bb5 is unstoppable.} Ne5 43. Bd4 $1 Kg7 44. Bxe5 fxe5 45. Bb5 Kf6
46. Kf2 Kg5 47. Bxa4 h5 48. g3 h4 49. gxh4+ {A nice game, despite some
inaccuracies. And another step forward in this critical 13.Nd4! idea.} 1-0

[Event "Metz op 30th"]
[Site "Metz"]
[Date "2012.04.23"]
[Round "4"]
[White "Manolache, Marius"]
[Black "Zubarev, Alexander2"]
[Result "0-1"]
[WhiteElo "2561"]
[BlackElo "2597"]
[Annotator "Metz Alekhine/Primel,D"]
[PlyCount "72"]
[EventDate "2012.04.14"]
[EventType "swiss"]
[EventRounds "9"]
[EventCountry "FRA"]
[SourceTitle "EXT 2013"]
[Source "ChessBase"]
[SourceDate "2012.11.22"]
[SourceVersion "1"]
[SourceVersionDate "2012.11.22"]
[SourceQuality "1"]

1. d4 Nf6 2. c4 e6 3. Nc3 Bb4 4. e3 d5 (4... c5) 5. Nf3 O-O 6. Bd2 {Une ligne
solide mais pas trés ambitieuse} (6. Bd3 $142 c5 7. O-O Nc6 8. a3 Bxc3 9. bxc3
dxc4 10. Bxc4 Qc7 $132 {[%cal Gc7c4,Ge6e5]}) 6... c6 (6... c5 7. a3 Bxc3 8.
Bxc3 Ne4 $132) 7. Qc2 Nbd7 8. Bd3 Qe7 9. O-O Bd6 $5 (9... dxc4 10. Bxc4 e5 11.
a3 Bd6 $11 {Bondarevsky,I-Szabo,L Przepiorka Memorial 1950 1/2}) 10. cxd5 exd5
11. Rfe1 Qd8 12. e4 dxe4 13. Nxe4 Be7 $146 (13... Nxe4 14. Bxe4 Nf6 15. Bg5 h6
16. Bh4 Be7 17. Bh7+ Kh8 18. Bf5 Bxf5 19. Qxf5 Nd5 20. Bxe7 Nxe7 21. Qc2 Nd5
22. Re4 Re8 23. Rxe8+ Qxe8 24. Re1 Qd8 25. g3 Kg8 26. a3 Qc7 27. Re5 Rd8 28.
Qe2 Qc8 29. Kg2 Nc7 30. Re7 Rd7 31. Rxd7 Qxd7 32. Qe5 a6 33. h3 f6 34. Qf4 Kf8
35. Qe4 Ne6 36. h4 h5 37. Kf1 Qd5 38. Qe3 Ke7 39. Kg1 Kd7 40. Qc3 Kc8 41. Qe3
g5 42. hxg5 fxg5 43. Nd2 {Hoffmann,M (2479)-Epishin,V (2579) Nuremberg 2012
0-1 (63)}) 14. Nc5 h6 15. a4 (15. Ne5 $5 Nxc5 16. dxc5 Be6 17. b4 Nd5 18. Ng6
Re8 19. Nxe7+) 15... Nxc5 16. dxc5 Bxc5 17. Qxc5 (17. Bc3 $142 Be7 18. Rad1)
17... Qxd3 18. Bb4 Be6 19. Rad1 Qg6 20. Ne5 Qf5 21. Bc3 Ne4 $1 22. Qe3 Nxc3 23.
Qxc3 Rfe8 $17 24. a5 {[%csl Rc6][%cal Ga5a6]} a6 $1 25. f3 {Le signe que la
partie commence а mal tourner pour les Blancs} Rad8 26. Ng4 Qb5 27. h3 {
[%csl Rg1,Rg3]} c5 28. Rxd8 Rxd8 29. Re5 Rd1+ 30. Kh2 Qb4 31. Qxb4 cxb4 32. Re4
b3 33. Rb4 Rd2 34. Rxb7 Rxb2 35. Ne5 Rd2 36. f4 b2 0-1

[Event "Metz op 30th"]
[Site "Metz"]
[Date "2012.04.23"]
[Round "2"]
[White "Vorobiov, Evgeny E"]
[Black "Michiels, Bart"]
[Result "1/2-1/2"]
[WhiteElo "2580"]
[BlackElo "2502"]
[Annotator "Metz Alekhine/Primel,D"]
[PlyCount "117"]
[EventDate "2012.04.14"]
[EventType "swiss"]
[EventRounds "9"]
[EventCountry "FRA"]
[SourceTitle "EXT 2013"]
[Source "ChessBase"]
[SourceDate "2012.11.22"]
[SourceVersion "1"]
[SourceVersionDate "2012.11.22"]
[SourceQuality "1"]

1. d4 d5 {01h30} 2. c4 c6 3. Nf3 Nf6 4. e3 e6 5. Bd3 Nbd7 6. O-O Bd6 7. Nbd2 (
7. Nc3) 7... O-O 8. e4 dxe4 9. Nxe4 Nxe4 10. Bxe4 h6 {92} 11. Bc2 e5 12. Qd3 (
12. Re1) 12... f5 13. c5 Bc7 14. Qb3+ (14. dxe5) (14. Qc4+) 14... Kh8 15. dxe5
Nxe5 16. Re1 (16. Bf4 Be6 17. Qc3 Nxf3+ 18. Qxf3 Bd5 19. Bxc7 Qxc7 20. Qc3 Rae8
21. Rfe1 Qf7 22. f3 Kg8 23. a3 g6 24. b4 Qg7 25. Qxg7+ Kxg7 26. Kf2 f4 27. Rad1
Kf6 28. Be4 Re5 29. Bxd5 Rxd5 30. Rxd5 cxd5 31. Rc1 Rc8 32. Ke2 Re8+ 33. Kd3
Re3+ 34. Kd4 Rxa3 35. Kxd5 Rd3+ 36. Ke4 Rb3 37. Rc4 g5 38. Kd5 Ke7 39. Re4+ Kd7
40. Kc4 Rb2 41. g3 Rc2+ 42. Kd5 fxg3 43. hxg3 Rc3 44. b5 Rd3+ 45. Rd4 Rxd4+ {
Moiseenko,A (2653)-Cifuentes Parada,R (2540) Bilbao 2004 1-0}) 16... Re8 17.
Bf4 Be6 $11 18. Qc3 Nxf3+ 19. Qxf3 Bxf4 20. Qxf4 Qf6 21. Re5 Bxa2 22. Qxf5 Qxf5
23. Rxe8+ Rxe8 24. Bxf5 Re2 $146 (24... Bg8 {Ivanov,J (2371)-Cifuentes Parada,
R (2520) Roquetas de Mar op 19th 2008 (8) 1/2}) 25. b4 g5 (25... Bd5 26. f3 a6)
26. f3 Rb2 27. Bc8 b6 28. b5 $1 Bd5 29. bxc6 Bxc6 30. Rxa7 bxc5 31. Ra6 (31.
Rc7) 31... Bb5 32. Rxh6+ Kg7 33. Rb6 c4 34. Bf5 c3 35. Rg6+ Kf7 36. Rxg5 Ba4
37. h4 {Anticipe la perte du B} Kf6 38. Kh2 c2 39. Bxc2 Rxc2 40. Kh3 Rc3 41.
Rd5 Bc6 42. Rd2 Kf5 43. Kg3 Rc4 44. Rd8 Kg6 45. Kh3 Rc3 46. Rd6+ Kf5 47. Kg3
Ke5 48. Rd2 Kf5 49. Ra2 Rc4 50. Ra3 Rc2 51. Ra5+ Kg6 52. Rg5+ Kf6 53. Rg4 Bd7
54. Rf4+ Kg6 55. Rf8 Bf5 $2 56. Kf4 $2 (56. h5+ Kg5 57. f4+ Kxh5 58. Rxf5+ {
Les deux P liés sont facilement valorisés}) 56... Rc4+ 57. Kg3 Rc2 58. Rg8+ (
58. h5+) 58... Kf7 {Oups!} 59. Rg5 1/2-1/2

[Event "EU-ch (Women) 17th"]
[Site "Mamaia"]
[Date "2016.05.28"]
[Round "2"]
[White "Paehtz, Elisabeth"]
[Black "Mirzoeva, Elmira"]
[Result "1-0"]
[WhiteElo "2489"]
[BlackElo "2344"]
[Annotator "Mikhalchishin,A"]
[PlyCount "63"]
[EventDate "2016.05.27"]
[EventType "swiss"]
[EventRounds "11"]
[EventCountry "ROU"]
[SourceTitle "CBM 173"]
[Source "ChessBase"]
[SourceDate "2016.07.12"]
[SourceVersion "1"]
[SourceVersionDate "2016.07.12"]
[SourceQuality "1"]

1. d4 d5 2. c4 c6 3. Nc3 Nf6 4. e3 e6 5. Nf3 Nbd7 6. Qc2 Bd6 7. Bd3 O-O 8. O-O
dxc4 9. Bxc4 b5 10. Be2 Bb7 11. e4 e5 12. dxe5 Nxe5 13. Nd4 Qb6 {Here Black
had two much more serious moves} (13... Neg4 14. g3 (14. Nf5 Bxh2+ 15. Kh1 g6
16. f3 gxf5 17. fxg4 Nxg4 18. Rxf5 Bf4 19. Bxf4 Qh4+ 20. Kg1 Qf2+ 21. Kh1 Qh4+
22. Kg1 Qf2+ 23. Kh1 Qh4+ {1/2 Miton,K (2622)-Zherebukh,Y (2632)/Lublin 2012/
CBM 148 Extra}) 14... Re8 15. Nf5 Bc5 16. Bf4 Qb6 17. Kg2 g6 18. h3 Ne5 (18...
gxf5 19. hxg4 Bd4 20. gxf5 Bxc3 21. bxc3 c5 22. f3 Rxe4 23. Rae1 Rxf4 24. gxf4
Nd5 25. Bd1 c4 {Svane,R (2543)-Shirov,A (2715)/Skopje 2015, with good
compensation.}) 19. Nh6+ Kg7 20. Bg5 Bd4 21. Bxf6+ Kxf6 22. f4 Nc4 23. Bxc4
bxc4 24. f5 c5 25. fxg6+ Kxg6 26. Nxf7 Rf8 27. Nd5 Qxb2 28. Ne7+ Kg7 29. Nf5+
Kg6 30. Ne7+ Kg7 31. Nf5+ Kg6 32. Ne7+ {1/2 Nakamura,H (2790)-Giri,A (2793)/
Moscow RUS 2016/The Week in Chess 1115}) ({In my opinion} 13... Ng6 {is less
serious:} 14. Nf5 Be5 15. f4 Bxc3 16. bxc3 c5 17. Bf3 c4 18. e5 Bxf3 19. exf6
Bb7 20. fxg7 Re8 {Moiseenko,A (2707)-Kasimdzhanov,R (2693)/Poznan 2014,} {
and here a serious advantage was promised by} 21. Qf2) 14. Nf5 Bc5 15. Bf4 {
A new and interesting try.} (15. Bg5 {had been tested previously:} Bc8 16. Bxf6
gxf6 17. Qc1 Bxf5 18. exf5 Kg7 19. Ne4 Bd4 20. a4 a6 21. Ra3 Rg8 22. Rh3 h5 23.
Rg3+ {1-0 Swapnil,S (2469)-Abdalla,L (2288)/Albena 2013/EXT 2014}) 15... Rfe8
16. Rad1 Re6 17. a3 a5 18. Be3 ({A slower option was} 18. Bg3) 18... Bxe3 19.
Nxe3 Rae8 ({It was more logical to fight for the d-file:} 19... Rd8 20. Nf5 Rd7
21. Qc1) 20. Nf5 g6 ({White kept an advantage after} 20... Ned7 21. Nd6 Rd8 22.
Rd2) 21. Nd6 R8e7 22. Kh1 Ba6 ({Still preferable was fighting on the d-file} 
22... Rd7) 23. Nf5 Rd7 24. f4 Rxd1 25. Qxd1 gxf5 $2 ({Black decided to be
materialistic, but she could hold a playable position after the cautious} 25...
Ned7 26. Nh6+ Kg7 27. f5 Re7) 26. exf5 Re8 ({We would see a nice little
combination after} 26... Re7 27. Qd6 Nd3 28. Qxe7 Nf2+ 29. Rxf2 Qxf2 30. Qd8+
Kg7 31. Qxf6+ Kxf6 32. Ne4+ $18) 27. fxe5 Rxe5 28. Qd6 $1 {Chess is a game of
double attacks, as used to say the unforgettable David Bronstein.} Ng4 29. Bxg4
Qf2 30. Qd8+ Kg7 31. f6+ Kh6 32. Qf8+ 1-0

[Event "Dilijan FIDE GP (Women)"]
[Site "Dilijan"]
[Date "2013.06.22"]
[Round "6"]
[White "Koneru, Humpy"]
[Black "Muzychuk, Anna"]
[Result "1-0"]
[WhiteElo "2597"]
[BlackElo "2593"]
[Annotator "Mikhalchishin,A"]
[PlyCount "109"]
[EventDate "2013.06.16"]
[EventType "tourn"]
[EventRounds "11"]
[EventCountry "ARM"]
[EventCategory "11"]
[SourceTitle "CBM 155"]
[Source "ChessBase"]
[SourceDate "2013.07.16"]
[SourceVersion "1"]
[SourceVersionDate "2013.07.16"]
[SourceQuality "1"]

1. d4 d5 2. c4 c6 3. Nc3 Nf6 4. e3 e6 5. Nf3 Nbd7 6. Qc2 Bd6 7. Bd3 O-O 8. O-O
e5 9. cxd5 cxd5 10. e4 exd4 11. Nxd5 Nxd5 12. exd5 h6 {The line which became
popular after the Anand-Gelfand match.} 13. h3 ({Of course, there was the more
direct capture} 13. Nxd4 Qh4 14. f4 (14. Nf3 Qh5 15. Bh7+ (15. Qc4 Nc5 16. Bc2
Bg4 17. Bf4 Bxf4 18. Qxf4 Bxf3 19. Qxf3 Qxf3 20. gxf3 Rfd8 21. Rfd1 Rd6 22.
Rac1 Rad8 23. b4 Na6 24. a3 Nc7 25. Bh7+ Kxh7 26. Rxc7 R8d7 27. Rxd7 Rxd7 28.
Kg2 Kg6 29. f4 {Sjugirov,S (2643)-Smirnov,P (2610)/Taganrog 2013. Whites
chances to realise a small material advantage are not great.}) 15... Kh8 16.
Qf5 Qxf5 17. Bxf5 Nf6 18. Bxc8 Rfxc8 19. Be3 Rd8 20. Rfd1 Be7 (20... Bf8 21. d6
Rxd6 22. Rxd6 Bxd6 23. Bd4 Ne8 24. Rc1 {the pressure is too small to get
something real}) 21. d6 Rxd6 22. Re1 Bf8 23. Rac1 Nd5 24. Bc5 Ra6 25. Bxf8 Rxf8
26. Red1 Nf4 27. Rc7 Rxa2 28. g3 Ne6 29. Rxb7 Kg8 30. Ne5 Re8 31. Rd5 f6 32.
Nc6 Kh7 {Vachier Lagrave,M (2722)-Anand,V (2783)/Paris/St Petersburg 2013.
Similar pressure is not promising too much.}) 14... Bc5 15. Be3 Qf6 16. Rad1
Qb6 17. Kh1 Nf6 18. d6 Bg4 19. Rd2 Rfd8 20. Rc1 Bb4 21. Nf5 Qa5 22. Rf2 Bxf5
23. Bxf5 Bxd6 24. a3 Nd5 25. Bd2 Qb6 26. Rf3 {Stefanova,A (2531)-Ushenina,A 
(2499)/Dilijan ARM 2013; with small edge as usual here.}) (13. b3 Ne5 14. Nxe5
Bxe5 15. f4 Bf6 16. Ba3 Re8 17. d6 Bd7 18. Qd2 Bc6 19. Rac1 Qd7 20. Rfe1 Qg4
21. Bf1 g5 22. Bc5 Qxf4 23. Qxf4 gxf4 {Bacrot,E (2702)-Sumets,A (2622)/
Fujairah City 2012; with equality.}) 13... Qf6 14. Rd1 Ne5 ({An interesting
try was} 14... Nc5) 15. Nxd4 Nxd3 16. Qxd3 Qe5 ({There is not full equality
after} 16... b6 17. Qe4) 17. Nf3 Qh5 18. Re1 (18. Qe4 Bf5 19. Qh4 Qg6 20. Bf4
Bxh3 21. g3 Bxf4 22. Qxf4) 18... Bf5 19. Qe3 Bd7 ({It was very interesting to
go for a radical exchange of material:} 19... Rae8 20. Qxe8 Rxe8 21. Rxe8+ Kh7
22. Re3 Bd7 23. a3 Qxd5) 20. Qb3 (20. Bd2 Rfe8 21. Qb3 Bxh3 22. gxh3 Qxh3 {
led to equal play.}) 20... Rfe8 21. Bd2 b6 22. Nd4 Re5 ({The practical idea
was to control both files} 22... Rac8) 23. Rxe5 Qxe5 24. Nf3 Qh5 25. Re1 Re8 ({
Quite playable was} 25... Rc8) 26. Rxe8+ Bxe8 27. a3 {A very logical plan is
to exchange one bishop.} Qf5 28. Bb4 Qb1+ 29. Ne1 Be5 ({After} 29... a5 30.
Bxd6 Qxe1+ 31. Kh2 Qxf2 32. Bc7 {can be some problem.}) 30. Bc3 Qe4 ({After
the retreat White could exchange queens immediately:} 30... Bd6 31. Qc2 Qxc2
32. Nxc2) 31. Qd1 $1 Bd6 32. Qf3 {White has maaged to exchange queens, but to
win is very difficult.} Qxf3 33. Nxf3 Kf8 34. Nd4 g6 35. Kf1 {Now the extra
pawn will be really protected.} ({Clearly better was} 35. g4 Ke7 36. Kg2 Bc5
37. Nf3 Ba4 38. b4) 35... Ke7 36. Ke2 Bc5 37. Kd3 Kd6 38. Kc4 $2 ({Strange,
Black did not want an opposite-coloured bishops ending and now Koneru avoids
it.} 38. b4 Bxd4 39. Kxd4 f6 40. Bd2 g5 41. f4 Bf7 42. b5 Be8 43. Bb4+ Kc7 44.
Bf8 h5 45. f5) 38... a6 $1 39. Bb4 Bxb4 40. axb4 f6 $4 ({Here there was a
clear and simple way:} 40... b5+ 41. Kd3 Kxd5 42. Nb3 Bc6 43. h4 Ke5 44. g3 {
with a draw.}) 41. b5 $1 a5 42. Ne2 $1 Bf7 43. Nc3 Ke5 44. g3 ({Possible was
the immediate sacrifice deflecting the opponent's king:} 44. f4+ Kxf4 45. Na4)
44... g5 45. f4+ gxf4 46. gxf4+ Kxf4 ({Easier losing was} 46... Kd6 47. Ne4+
Ke7 48. f5) 47. Na4 f5 {This is now the start of a pawn race, which Koneru
calculated brilliantly.} 48. Nxb6 Ke4 49. Kc5 f4 50. d6 f3 51. d7 f2 52. d8=Q
f1=Q 53. Qd4+ Kf5 54. Nd7 $1 Qc1+ 55. Kd6 1-0